LEADER 00634nab a2200145 i 4500 001 000000261830 003 CaOOAMICUS 005 20050610000000.0 008 050610n xx uu u0 0und r 013 $a2928 040 $aSeMil$bita 245 13$aIl nuovo Papa e la spada ; Il 24. Congresso Eucaristico di Bari, 21-29 maggio 2005 ; I film ... - 24 p. - Titoli dalla copertina. 500 $aMaggio 2005. 773 0 $t[2003-2005.$dRoma : CiSCS, copyr. 2003-2005.$w()137936 996 $6245$aIl nuovo Papa e la spada ; Il 24. Congresso Eucaristico di Bari, 21-29 maggio 2005 ; I film ... - 24 p. - Titoli dalla copertina.$9(OLS)http://semarc/title/355749 LEADER 00674naa a2200157 i 4500 001 000000307179 003 CaOOAMICUS 005 20180831172911.0 008 180831n it u000 u ita u 013 $a15849 040 $aSeMil$bita 100 1 $aCavalcoli, Giovanni,$c.$0(OLS)http://semarc/name/16812 245 13$aLa radice teorica della dottrina rahneriana del cristianesimo anonimo. 600 14$aRahner, Karl .$0(OLS)http://semarc/subject/7673 773 0 $tKarl Rahner.$dSiena : Cantagalli, 2009.$z978-88-8272-428-3$gp.51-71$w()183006 996 $6245$aLa radice teorica della dottrina rahneriana del cristianesimo anonimo$9(OLS)http://semarc/title/382557